[Event "POL-ch U18"]
[Site "Szklarska Poreba"]
[Date "2019.03.10"]
[Round "3"]
[White "Marczak, Szymon"]
[Black "Goreczny, Tomasz"]
[Result "1-0"]
[WhiteElo "1931"]
[BlackElo "1784"]
[PlyCount "65"]
[EventDate "2019.03.09"]
[EventType "swiss"]
[EventRounds "9"]
[EventCountry "POL"]
[SourceTitle "CBM 189 Extra"]
[Source "ChessBase"]
[SourceDate "2019.06.03"]
[SourceVersion "1"]
[SourceVersionDate "2019.06.03"]
[SourceQuality "1"]

1. b3 e6 2. Bb2 f5 3. e4 Nf6 4. e5 Ng4 5. d4 d5 6. Be2 Nh6 7. f4 a5 8. Qd2 b6 9. Nf3 Ba6 10. c4 c6 11. Nc3 Bb4 12. a3 Bxc3 13. Bxc3 0-0 14. 0-0 a4 15. Bb4 Re8 16. bxa4 Bxc4 17. Bxc4 dxc4 18. Qc2 Qd5 19. Rfc1 b5 20. axb5 cxb5 21. a4 Na6 22. Bd6 Rec8 23. axb5 Qxb5 24. Ra4 c3 25. Ra3 Nf7 26. Rxc3 Nxd6 27. exd6 Rd8 28. Rc6 Nb8 29. Rc8 Na6 30. Rxa8 Rxa8 31. Qc8+ Rxc8 32. Rxc8+ Kf7 33. Ne5+ 1-0

[Event "POL-ch U18"]
[Site "Szklarska Poreba"]
[Date "2019.03.09"]
[Round "2"]
[White "Pacan Milej, Kosma"]
[Black "Marczak, Szymon"]
[Result "1-0"]
[WhiteElo "2265"]
[BlackElo "1931"]
[PlyCount "67"]
[EventDate "2019.03.09"]
[EventType "swiss"]
[EventRounds "9"]
[EventCountry "POL"]
[SourceTitle "CBM 189 Extra"]
[Source "ChessBase"]
[SourceDate "2019.06.03"]
[SourceVersion "1"]
[SourceVersionDate "2019.06.03"]
[SourceQuality "1"]

1. d4 b6 2. e4 Bb7 3. Bd3 e6 4. Ne2 d5 5. e5 c5 6. c3 Ne7 7. 0-0 Nec6 8. Nd2 a5 9. Nf3 Be7 10. Be3 Ba6 11. Bc2 Nd7 12. Rc1 Rc8 13. a3 b5 14. Re1 cxd4 15. Nexd4 Nxd4 16. Nxd4 g6 17. f4 Nb6 18. f5 gxf5 19. Qh5 Kd7 20. Qxf7 Qg8 21. Qxe6+ Qxe6 22. Nxe6 Kxe6 23. Bxb6 Bc5+ 24. Bxc5 Rxc5 25. Bd3 Rc6 26. Rf1 Rf8 27. g4 Kxe5 28. Rce1+ Kd6 29. Rxf5 Rxf5 30. gxf5 Bc8 31. f6 Rc7 32. Rf1 Rf7 33. Bxh7 Ke5 34. Bg8 1-0

[Event "Katowice POL-HUN 6th"]
[Site "Katowice"]
[Date "2018.05.06"]
[Round "6"]
[White "Marczak, Szymon"]
[Black "Majdan, Joanna"]
[Result "1/2-1/2"]
[WhiteElo "1883"]
[BlackElo "2369"]
[PlyCount "75"]
[EventDate "2018.05.05"]
[EventType "swiss (rapid)"]
[EventRounds "9"]
[EventCountry "POL"]
[SourceTitle "CBM 184 Extra"]
[Source "ChessBase"]
[SourceDate "2018.06.28"]
[SourceVersion "1"]
[SourceVersionDate "2018.06.28"]
[SourceQuality "1"]

1. e4 c5 2. Nf3 Nc6 3. Bb5 e6 4. 0-0 Nge7 5. Re1 a6 6. Bf1 Qc7 7. c4 Ng6 8. b3 Bd6 9. Bb2 0-0 10. h3 b6 11. d4 cxd4 12. Nxd4 Bb7 13. Nxc6 dxc6 14. Nd2 Rad8 15. Qc2 c5 16. Nf3 Ne5 17. Be2 Nxf3+ 18. Bxf3 Be5 19. Rad1 Bd4 20. Bxd4 Rxd4 21. Rxd4 cxd4 22. e5 Bxf3 23. gxf3 f5 24. f4 Rd8 25. Rd1 Qc6 26. Qd3 Kf7 27. a4 a5 28. Kh2 Qe4 29. Kg3 h5 30. h4 Rd7 31. f3 Qxd3 32. Rxd3 Ke7 33. Kf2 Kd8 34. Ke2 Kc7 35. Kd2 Kc6 36. Kc2 Kc5 37. Kb2 Rd8 38. Ka3 1/2-1/2

[Event "POL-chT U19 2nd League"]
[Site "Iwonicz"]
[Date "2016.07.31"]
[Round "8.79"]
[White "Hasterok, Mateusz"]
[Black "Marczak, Szymon"]
[Result "0-1"]
[WhiteElo "1695"]
[BlackElo "1709"]
[PlyCount "82"]
[EventDate "2016.07.23"]
[EventType "team-swiss"]
[EventRounds "11"]
[EventCountry "POL"]
[SourceTitle "EXT 2019"]
[Source "ChessBase"]
[SourceDate "2018.10.10"]
[SourceVersion "1"]
[SourceVersionDate "2018.10.10"]
[SourceQuality "1"]
[WhiteTeam "Strzelce Opolskie Adamietz U19"]
[BlackTeam "Cieszyn MUKS SZS U19"]
[WhiteTeamCountry "POL"]
[BlackTeamCountry "POL"]

1. d4 d5 2. c4 dxc4 3. e4 e5 4. Nf3 exd4 5. Bxc4 Nc6 6. 0-0 Be7 7. Qb3 Be6 8. Bxe6 fxe6 9. Qxe6 Qd6 10. Ng5 Nd8 11. Qb3 Qb4 12. Qg3 Qd6 13. Bf4 Qg6 14. Nd2 h6 15. Ngf3 Qxg3 16. Bxg3 Ne6 17. Rac1 c5 18. Ne5 Nf6 19. Ng6 Rg8 20. Nxe7 Kxe7 21. f3 b6 22. a3 Nh5 23. Bh4+ g5 24. Bg3 Nef4 25. Rb1 Rac8 26. Bxf4 Nxf4 27. g3 Nd3 28. Rfd1 b5 29. Nb3 Ne5 30. Kg2 Nc4 31. Re1 a5 32. Re2 Rgd8 33. f4 gxf4 34. Nd2 fxg3 35. Nxc4 bxc4 36. hxg3 d3 37. Rd2 Ke6 38. Rh1 Ke5 39. Kf3 Kd4 40. Rxh6 Rf8+ 41. Kg4 Kxe4 0-1

[Event "POL-chT U19 2nd League"]
[Site "Iwonicz"]
[Date "2016.07.31"]
[Round "2.85"]
[White "Marczak, Szymon"]
[Black "Szydelko, Michal"]
[Result "0-1"]
[WhiteElo "1709"]
[BlackElo "1622"]
[PlyCount "88"]
[EventDate "2016.07.23"]
[EventType "team-swiss"]
[EventRounds "11"]
[EventCountry "POL"]
[SourceTitle "EXT 2019"]
[Source "ChessBase"]
[SourceDate "2018.10.10"]
[SourceVersion "1"]
[SourceVersionDate "2018.10.10"]
[SourceQuality "1"]
[WhiteTeam "Cieszyn MUKS SZS U19"]
[BlackTeam "Radkow Giecek U19"]
[WhiteTeamCountry "POL"]
[BlackTeamCountry "POL"]

1. e4 c5 2. Nf3 d6 3. Bb5+ Bd7 4. Bxd7+ Nxd7 5. 0-0 Ngf6 6. Re1 e6 7. d4 cxd4 8. Nxd4 Be7 9. Nc3 0-0 10. Be3 a6 11. f4 Nc5 12. Bf2 Qc7 13. Qf3 Rfd8 14. Rad1 b5 15. e5 dxe5 16. fxe5 Nd5 17. Nxd5 Rxd5 18. Nxe6 fxe6 19. Rxd5 Rf8 20. Qd1 exd5 21. Qxd5+ Kh8 22. Bg3 Qd7 23. Qxd7 Nxd7 24. Rd1 Nc5 25. e6 Nxe6 26. Re1 Bc5+ 27. Kh1 Nd4 28. h3 h6 29. c3 Nc2 30. Re2 Rf1+ 31. Kh2 Ne3 32. Be5 Rf5 33. Bb8 Nc4 34. b3 Bd6+ 35. Kg1 Bxb8 36. Re8+ Kh7 37. Rxb8 Ne3 38. Re8 Nd5 39. Re6 Rf6 40. Rxf6 Nxf6 41. c4 bxc4 42. bxc4 Ne4 43. Kf1 Nd2+ 44. Ke2 Nxc4 0-1